000 00459nam a2200205Ia 4500
008 210210b1937 xxu||||| |||| 00| 0 eng d
041 _aeng
082 _a519/8
100 _aBELL (E T)
245 _aMathematics: queen and servant of science
260 _aNew York
_b-
_c1937
650 _aservant
650 _ascience
650 _aqueen
650 _aof
650 _aMathematics:
650 _aand
690 _aMathematics
906 _a007869
999 _c140728
_d140728